Bilecik Bilecik Bilecik Bilecik Bilecik

Çağının sıradışı yazarı : (Record no. 40988)

MARC details
000 -BAŞLIK
Sabit Uzunluktaki Kontrol Alanı 00938nam a22003017a 4500
001 - KONTROL NUMARASI
Control Dosyası 0041128
003 - KONTROL NUMARASI KİMLİĞİ
Kontrol Alanı KOHA_MİRAKIL
005 - EN SON İŞLEM TARİHİ ve ZAMANI
Kontrol Alanı 20260207003226.0
007 - FİZİKSEL TANIM SABİT ALAN - GENEL BİLGİ
Sabit uzunluklu kontrol alanı ta
008 - SABİT UZUNLUKTAKİ VERİ ÖGELERİ - GENEL BİLGİ
Sabit Alan 130730b2009 tu a|||gr||||#||||0|tur |
020 ## - ISBN - ULUSLARARASI STANDART KİTAP NUMARASI
Isbn 9789750817014
020 ## - ISBN - ULUSLARARASI STANDART KİTAP NUMARASI
Isbn
-- 975081701X
040 ## - KATALOGLAMA KAYNAĞI
Özgün Kataloglama Kurumu TR-BiSEU
Kataloglama Dili tur
Çeviri Kurumu TR-BiSEU
Açıklama Kuralları rda
041 0# - DİL KODU
Metin ya da ses kaydının dil kodu tur
044 ## - YAYINLAYAN/ÜRETEN KURULUŞUN ÜLKE KODU
ISO country code tu
050 ## - SINIFLAMA ve YER NUMARASI
Sınıflama Numarası G460
Yer Numarası .C34 2009
245 0# - ESER ADI BİLDİRİMİ
Başlık Çağının sıradışı yazarı :
Alt Eseradı vb. Evliya Çelebi/
Sorumluluk Bildirimi Hazırlayan Nuran Tezcan ; editör M. Sabri Koz.
264 #1 - ÜRERİM, YAYIN, DAĞITIM ve TELİF BİLDİRİMİ
Yayın yeri İstanbul :
Yayınlayan Yapı Kredi Yayınları
Yayın tarihi 2009
300 ## - FİZİKSEL TANIMLAMA
Sayfa, Cilt vb. 412 sayfa :
Diğer fiziki detaylar resimli ;
Boyutları 24 cm.
336 ## - İÇERİK TÜRÜ
Content type term metin
Content type code txt
Source rdacontent
337 ## - MEDYA TÜRÜ
Media type term aracısız
Media type code n
Source rdamedia
338 ## - TAŞIYICI TÜRÜ
Carrier type term cilt
Carrier type code nc
Source rdacarrier
490 1# - DİZİ BİLDİRİMİ
Dizi Bildirimi Yapı Kredi yayınları ;
Cilt Numarası 3008
500 ## - GENEL NOT
Genel Not Kaynakça var.
650 #0 - KONU BAŞLIĞI EK GİRİŞ - KONU TERİMİ
Konusal terim veya coğrafi ad Evliya Çelebi, 611?-1682?--Congresses.
9 (RLIN) 76308
830 1# - SERİ EK GİRİŞİ - TEKBİÇİM ESER ADI
Tekbiçim Başlık Yapı Kredi yayınları ;
Volume number/sequential designation 3008
9 (RLIN) 6222
942 ## - EK GİRİŞ ÖGELERİ (KOHA)
Source of classification or shelving scheme Library of Congress Classification
Koha item type Book
Holdings
Materyal Türü Kalıcı Konum Mevcut Konum Raf Yeri Sınıflandırma Kaynağı Edinim Bilgisi Ana Konular Alt Konular Yer Numarası Demirbaş Numarası Fatura Tarihi Maliyet, Alış Fiyatı Maliyet, Yenileme Fiyatı Geri Çekilme Durumu Kayıp Durumu Hasarlı Durumu Kredi için değil Kayıt Tarih Toplam Ödünçverme Son Görülme Tarihi Son Kontrol Tarihi Satın Alma Notu
Book Prof. Dr. Azmi Özcan Kütüphanesi Prof. Dr. Azmi Özcan Kütüphanesi Uluğbey Salonu Library of Congress Classification Satın COĞRAFYA, ANTROPOLOJİ, REKREASYON Coğrafya (Genel), Atlaslar, Haritalar G460 .C34 2009 0041128 24/09/2013 16.74 16.74         30/07/2013 1 05/12/2024 05/12/2024 73291-73383 (92 sayfa)